Online Catalogue and eLibrary

100 Women (Record no. 5959)

MARC details
000 -LEADER
fixed length control field 00466nam a22001937a 4500
005 - DATE AND TIME OF LATEST TRANSACTION
control field 20250124060950.0
008 - FIXED-LENGTH DATA ELEMENTS--GENERAL INFORMATION
fixed length control field 250124b |||||||| |||| 00| 0 eng d
020 ## - INTERNATIONAL STANDARD BOOK NUMBER
ISBN 817439012x
082 ## - DDC Classification
DDC Edition Number 22
Class No. 920
Item Number - Author Mark GAI
100 ## - MAIN ENTRY--PERSONAL NAME
Personal name Rolka, Meyer Gail
245 ## - TITLE STATEMENT
Title 100 Women
Remainder of title Who Shaped World History
260 ## - PUBLICATION, DISTRIBUTION, ETC.
Place of publication, distribution, etc. New Delhi
Name of publisher, distributor, etc. Gemini Books
Date of publication, distribution, etc. 1997
300 ## - PHYSICAL DESCRIPTION
Extent (e.g. Volumes, Pages etc.) 112 p .,
650 ## - SUBJECT ADDED ENTRY--TOPICAL TERM
Topical term or geographic name entry element History
650 ## - SUBJECT ADDED ENTRY--TOPICAL TERM
Topical term or geographic name entry element Women
650 ## - SUBJECT ADDED ENTRY--TOPICAL TERM
Topical term or geographic name entry element Society
650 ## - SUBJECT ADDED ENTRY--TOPICAL TERM
Topical term or geographic name entry element Chronological
942 ## - Koha item type (Biblio)
Koha item type Books in Stacks (Lending)
Holdings
Lost status Damaged status Collection code Home library Current library Date acquired Full call number Accession Number Item type
    Lending WERC Library WERC Library 01/24/2025 920 GAI 6953 Books in Stacks (Lending)

© WERC Library